PKP General Knowledge #3 - Statistics

General Stats
  • This quiz has been taken 45 times
  • The average score is 12 of 20
Answer Stats
Hint Answer % Correct
Brother nicknames Jonesy for his obsession with Fortnite Max Kellezi
93%
Brother who was 2 weeks away from being a brother of D Chi Connor Bragdon
84%
Andrew Barry's three favorite colors Red White Blue
84%
Chris Power's favorite beverage (Idk if this is true he's just always drinking these) Beatbox
81%
Brother who was a part of "the nation" and has been featured in a lot of tik toks recently Paul Asari
79%
What thing belonging to Connor Bragdon inconvenienty caught on fire on his way to Montreal Truck
77%
Brother awoken by pub safe because he texted a girl that he was going to off himself Nick Ruggiero
67%
Brother from the most niche state Charlie Webb (Wyoming)
60%
Brother who claimed and glazed his future little before he even got a bid Jack Chitos
60%
Brother who was hospitalized after a Wells Fargo game Will Short
58%
The First Man of Alpha Phi Lorenzo Pino
56%
A girl that Chitos got with who resembles which cartoon character with no holes Spongebob
56%
Brother who got with a girl 2 grades under him in the theater room Nick Der Garabedian
53%
If you joined as a fall soph you are neither a fall guy nor a spring guy, you are a(n)... Autumn Guy
51%
Brother who came to the Callahan's thanksgiving party 2 hours late because he woke up at 3pm Sid Palkhiwala
51%
Brother who conveniently revealed his fanhood for the eagles after they won the Super Bowl Mike Hisler
49%
Brother that Callahan made a mean joke about in the basement and he is still sorry about it to this day Emerson Denitto
30%
What did Luke Gottfried chant for his favorite burger in Montreal Best Burger Ever
28%
Brother who had the worst big little night performance in history Owen Brady
19%
Brother who DFMO'd his girlfriend for an entire courts party Ryan Dahlquist
16%
No matching quizzes found
Score Distribution
Percent of People with Each Score
Percentile by Number Answered
Your Score History
You have not taken this quiz